East Asia tradition and transformation

Guardat en:
Dades bibliogràfiques
Autor principal: Fairbank, John K.
Format: Llibre
Idioma:Undetermined
Publicat: Boston Houghton Mifflin 1973
Matèries:
Etiquetes: Afegir etiqueta
Sense etiquetes, Sigues el primer a etiquetar aquest registre!
Thư viện lưu trữ: Trung tâm Học liệu Trường Đại học Cần Thơ
LEADER 00558nam a2200193Ia 4500
001 CTU_109314
008 210402s9999 xx 000 0 und d
082 |a 950 
082 |b F164 
100 |a Fairbank, John K. 
245 0 |a East Asia tradition and transformation 
245 0 |c John K. Fairbank, Edwin O. Reischauer, Albert M. Craig 
260 |a Boston 
260 |b Houghton Mifflin 
260 |c 1973 
650 |a East asia 
650 |x History 
904 |i Giang, Q. Hiếu (sửa) 
980 |a Trung tâm Học liệu Trường Đại học Cần Thơ